LEADER 01488nam 2200373Ia 450 001 9910698802103321 005 20090608145828.0 035 $a(CKB)5470000002397850 035 $a(OCoLC)374599895 035 $a(EXLCZ)995470000002397850 100 $a20090608d1998 ua 0 101 0 $aeng 135 $auran||||||||| 181 $ctxt$2rdacontent 182 $cc$2rdamedia 183 $acr$2rdacarrier 200 00$aGuidance for industry$b[electronic resource] $eyear 2000 date change for computer systems and software applications used in the manufacture of blood products 210 1$aRockville, MD :$cU.S. Dept. of Health and Human Services, Food and Drug Administration, Center for Biologics Evaluation and Research,$d[1998] 215 $a6 pages $cdigital, PDF file 300 $aTitle from PDF title page (viewed on June 8, 2009). 300 $a"January 1998". 320 $aIncludes bibliographical references (page 6). 517 $aGuidance for industry 606 $aYear 2000 date conversion (Computer systems)$xGovernment policy$zUnited States 606 $aBlood products$xGovernment policy$zUnited States 615 0$aYear 2000 date conversion (Computer systems)$xGovernment policy 615 0$aBlood products$xGovernment policy 712 02$aCenter for Biologics Evaluation and Research (U.S.) 801 0$bGPO 801 1$bGPO 906 $aBOOK 912 $a9910698802103321 996 $aGuidance for industry$93434577 997 $aUNINA LEADER 01099nam0 22002771i 450 001 UON00427363 005 20231205104852.772 100 $a20130620d1955 |0itac50 ba 101 $aita 102 $aIT 105 $a|||| ||||| 200 1 $aˆIl ‰capitale$ecritica dell'economia politica. Vol. 3/II: Il processo complessivo della produzione capitalistica$fKarl Marx 210 $aRoma$c: Rinascita$d1955 215 $av.$d332 p.$d21 cm. 410 1$1001UON00276843$12001 $aˆI ‰classici del marxismo$1210 $aRoma$cEdizioni Rinascita.$v36 606 $aMarxismo$3UONC008444$2FI 620 $aIT$dRoma$3UONL000004 700 1$aMarx$bKarl$3UONV008384$032587 712 $aRinascita$3UONV269235$4650 790 0$aMAKESI$zMarx, Karl$3UONV008385 801 $aIT$bSOL$c20250627$gRICA 899 $aSIBA - SISTEMA BIBLIOTECARIO DI ATENEO$2UONSI 912 $aUON00427363 950 $aSIBA - SISTEMA BIBLIOTECARIO DI ATENEO$dSI TEORIA POL0318 $eSI FP 7647 5 996 $aCapitale$984743 997 $aUNIOR